000 00483nam a2200193Ia 4500
005 20250326124006.0
008 250326s9999 xx 000 0 und d
037 _aTextbook
040 _aFMSL
_beng
_cFMSL
041 _aeng
_2eng
084 _aX K7
_qFMSL
100 _aNevin E
_9736565
245 0 _aTextbook of economic analysis
_cNevin E
250 _a3
260 _aNY
_bNY, Macmillan
_c1967
300 _a488p
942 _cTB
_hX K7
999 _c1271796
_d1271796